000 01104nam a22003257a 4500
003 CHAP
005 20220329143742.0
008 110606s1967 mx r 00010 spa d
010 _a101419
011 _a102391
035 _a113079
040 _cCHAP
090 _aTesis
100 1 _aMondragón Uribe, Carlos.
_977492
245 1 0 _aProyecto y cálculo de la estructura de concreto para un edificio de productos
_c/por Carlos Mondragón Uribe
260 _aChapingo, Méx. :
_bEl autor,
_c1967
300 _a141 h. :
_bilus.
502 _aTesis (Ing. Civil) -- UNAM. Facultad de Ingeniería
590 _aALEPH
_b10
_c20130110
_lUCH01
_h1540
590 _aBATCH-UPD
_b10
_c20130110
_lUCH01
_h1231
590 _aBATCH-UPD
_b10
_c20130410
_lUCH01
_h0801
590 _aBATCH-UPD
_b10
_c20130914
_lUCH01
_h0952
590 _aCONVERSION
_b10
_c20130109
_lUCH01
_h1356
650 1 4 _aCálculo.
_923990
650 1 4 _aConstrucción de edificios.
_927391
650 1 4 _aProyectos
_xDiseño.
_992524
901 _aBK
942 _cTESIS
949 _aTesis
_bBC
_cTES
_d33724002247710
_eTS1
_gDonaciØn
_h52360
_i113079
_sb
999 _c101419
_d101419